Proceso de estructuración de la Ciudad de Panamá /

Sparad:
Bibliografiska uppgifter
Huvudupphovsman: Uribe, Alvaro
Institutionella upphovsmän: Programa de Investigaciones Sociales sobre Población en América Latina, PISPAL Consejo Superior Universitario Centroamericano CSUCA
Materialtyp: Text
Publicerad: San José: PISPAL. CSUCA
Taggar: Lägg till en tagg
Inga taggar, Lägg till första taggen!

MARC

LEADER 00000 a a2200000 04500
001 21169
003
040
090 |a 092000  
100 |a Uribe, Alvaro  
110 |a Programa de Investigaciones Sociales sobre Población en América Latina  
245 |a Proceso de estructuración de la Ciudad de Panamá /  |c Programa de Investigaciones Sociales sobre Población en América Latina  
260 |a San José:   |b PISPAL. CSUCA  
300 |a 208 p.  
710 |a PISPAL   |a Consejo Superior Universitario Centroamericano   |a CSUCA  
999 |c 3588  |d 3588